00812nam a22002297a 45000010005000000030006000050050017000110080041000280200018000690400029000870500015001160820013001311000019001442450095001632600037002583000058002955050008003535200138003615210019004995210019005186500045005378429FISKH20250911143602.0250911b cb ||||| |||| 00| 0 eng d a9780590508346 aFISKHbengcFISKHdFISKH aQL544 .K78 a595.789  aKrulik, Nancy  aThe magic school bus : bButterfly and the bog beast : A book about butterfly camouflage / aNew York : bScholastic, c1996. a30 unnumbered pages : bcolor illustrations ; c21 cm aP  aFind out when you join the class on an exciting field trip to a real live bog, where they learn all about bog beasts and butterflies.8 a600 bLexile 8 aP bRaz-Plus  aAnimals vBiologyxButterflyyCamouflage